Central Library OPAC University of Rajshahi

Borland C++ 3.0 for Windows 3.1 : programmimg with ObjectWindows / (Record no. 54925)

MARC details
000 -LEADER
fixed length control field 00849nam a22002657a 4500
001 - CONTROL NUMBER
control field 54925
003 - CONTROL NUMBER IDENTIFIER
rucl marc code BD-RjUL
005 - DATE AND TIME OF LATEST TRANSACTION
control field 20211209080205.0
008 - FIXED-LENGTH DATA ELEMENTS--GENERAL INFORMATION
fixed length control field 161112s1993 ii ||||| |||| 00| 0 eng d
035 ## - SYSTEM CONTROL NUMBER
System control number (BD-RjUL)55047
040 ## - CATALOGING SOURCE
Original cataloging agency BD-RjUL
Language of cataloging eng
Transcribing agency BD-RjUL
041 ## - LANGUAGE CODE
Language code of text/sound track or separate title eng
082 ## - DEWEY DECIMAL CLASSIFICATION NUMBER
Edition number 23
Classification number 005.43
Author mark and year BOR 1993
245 ## - TITLE STATEMENT
Title Borland C++ 3.0 for Windows 3.1 : programmimg with ObjectWindows /
Remainder of title Louis Fernandes; Yogesh Sheth; Anish Kurup; Vijay Mukhi
250 ## - EDITION STATEMENT
Edition statement 1st ed.
260 ## - PUBLICATION, DISTRIBUTION, ETC. (IMPRINT)
Place of publication, distribution, etc. New Delhi :
Name of publisher, distributor, etc. BPB pub. ,
Date of publication, distribution, etc. 1993
300 ## - PHYSICAL DESCRIPTION
Pagination xviii, 929 p. :
Illustrations ill. ;
Size 23 cm.
650 ## - SUBJECT ADDED ENTRY--TOPICAL TERM
Topical term or geographic name as entry element Microsoft Windows (Computer file)
9 (RLIN) 163736
Topical term or geographic name as entry element C (Computer program language)
9 (RLIN) 118224
700 ## - ADDED ENTRY--PERSONAL NAME
Personal name Fernandes,Louis
Personal name Sheth, Yogesh
Personal name Kurup, Anish
Personal name Mukhi, Vijay
942 ## - ADDED ENTRY ELEMENTS (KOHA)
Source of classification or shelving scheme Dewey Decimal Classification
Koha item type Books
Holdings
Lost status Source of classification or shelving scheme Damaged status Not for loan Collection code Permanent Location Current Location Shelving location Date acquired Source of acquisition Cost, normal purchase price Total Checkouts Full call number Date last seen Copy number Koha item type
  Dewey Decimal Classification     Non-fiction Central Library, University of Rajshahi Central Library, University of Rajshahi   09/08/2000 Dhaka, Ahsania Mission Book 192.00   005.43 BOR 1993 12/11/2016 C-2 Books